000 01099nam a22002415i 4500
001 166003
003 ES-MaACL
005 20250625173542.0
008 050919m18621865fr | |||||||| ||fre d
040 _aCAM
_bspa
_cCAM
100 1 _aTallemant des Réaux, Gédéon.
_9133110
245 1 4 _aLes histoirettes de Tallemant des Reaux.
250 _a3e éd.
_bentiérement revue sur le manuscrit original disposée dans un nouvel ordre et précédée d'une notice historique et littéraire inéditoe sur l'auteur par MM. de Monmerqué et Paulin Paris.
260 _aParis :
_bJ. Techener,
_c1862-1865 (
_fImprimerie Ch. Lahure et Cie.)
300 _a6 v. ;
_c18 cm.
650 4 _aFranceses-
_xBiografías.
_9155009
651 4 _aFrancia-
_xHistoria-
_y1610-1643, Luis XIII.
_9161635
651 4 _aFrancia-
_xHistoria-
_y1598-1610, Enrique IV.
_98681
700 1 _aMonmerqué, Louis Jean Nicolas,
_d1780-1860
_erev.
_9130065
700 1 _aParis, Paulin.
_9130860
852 _aES-MaACL
_jG-301-06
_z-- Enc. hol., conservando la enc. rúst.
_q-- El t. VI falto de port. y cub.
999 _c166003
_d166003